000
00282nam a22001097a 4500
082
_a
940.53 FUL'S
100
_a
FULLER, J. F. C
_9
37121
245
_a
THE SECOND WORLD WAR 1939-45 A STRATEGICAL AND TACTICAL HISTORY
260
_a
NEWYORK
_b
DUELL
_c
1962
300
_a
431P
942
_c
BK
999
_c
567447
_d
567447